[Event "DVM U16 2021"]
[Site "Kiel GER"]
[Date "2022.07.24"]
[Round "3"]
[White "Lauterbach, Kolja"]
[Black "Schubert, Nikita"]
[Result "1/2-1/2"]
[Termination "normal"]
[Board "4.2"]
[WhiteElo "1663"]
[BlackElo "1949"]
[WhiteClock "00:04:45"]
[BlackClock "00:01:07"]
[WhiteTeam "SK Freiburg-Zähringen 1887 e.V."]
[BlackTeam "ESV Gera"]
[PlyCount "85"]
[WhiteFideId "16235916"]
[BlackFideId "16212339"]
[EventCountry "GER"]
[EventRounds "7"]
[EventType "team-swiss"]
[EventDate "2022.07.22"]

1. e4 {[%clk 01:30:57]} {[%emt 00:00:02]} e5 {[%clk 01:30:53]} {[%emt
00:00:08]} 2. Nf3 {[%clk 01:31:22]} {[%emt 00:00:04]} Nc6 {[%clk 01:31:18]}
{[%emt 00:00:06]} 3. Bc4 {[%clk 01:31:48]} {[%emt 00:00:03]} Bc5 {[%clk
01:31:34]} {[%emt 00:00:14]} 4. b4 {[%clk 01:32:13]} {[%emt 00:00:05]} Bxb4
{[%clk 01:30:48]} {[%emt 00:01:16]} 5. c3 {[%clk 01:32:38]} {[%emt 00:00:05]}
Ba5 {[%clk 01:31:04]} {[%emt 00:00:15]} 6. d4 {[%clk 01:33:03]} {[%emt
00:00:05]} d6 {[%clk 01:30:54]} {[%emt 00:00:41]} 7. Qb3 {[%clk 01:32:59]}
{[%emt 00:00:34]} Qd7 {[%clk 01:30:08]} {[%emt 00:01:16]} 8. dxe5 {[%clk
01:32:32]} {[%emt 00:00:56]} Bb6 {[%clk 01:29:47]} {[%emt 00:00:52]} 9. Bb5
{[%clk 01:25:36]} {[%emt 00:07:25]} a6 {[%clk 01:09:23]} {[%emt 00:20:54]} 10.
Qa4 {[%clk 01:21:45]} {[%emt 00:04:21]} Nge7 {[%clk 00:52:43]} {[%emt
00:17:10]} 11. exd6 {[%clk 01:19:33]} {[%emt 00:02:43]} cxd6 {[%clk 00:52:07]}
{[%emt 00:01:05]} 12. Bxc6 {[%clk 01:11:49]} {[%emt 00:08:15]} Qxc6 {[%clk
00:48:28]} {[%emt 00:04:09]} 13. Qxc6+ {[%clk 01:12:10]} {[%emt 00:00:09]} Nxc6
{[%clk 00:46:59]} {[%emt 00:01:59]} 14. O-O {[%clk 01:11:36]} {[%emt 00:01:04]}
Bg4 {[%clk 00:43:56]} {[%emt 00:03:34]} 15. Bf4 {[%clk 01:02:40]} {[%emt
00:09:25]} O-O-O {[%clk 00:39:59]} {[%emt 00:04:28]} 16. Na3 {[%clk 00:54:56]}
{[%emt 00:08:13]} Rhe8 {[%clk 00:31:49]} {[%emt 00:08:39]} 17. Rfe1 {[%clk
00:51:02]} {[%emt 00:04:24]} Ne5 {[%clk 00:30:15]} {[%emt 00:02:04]} 18. Nd4
{[%clk 00:37:01]} {[%emt 00:14:32]} Nd3 {[%clk 00:16:57]} {[%emt 00:13:47]} 19.
Bg3 {[%clk 00:34:18]} {[%emt 00:03:13]} Nxe1 {[%clk 00:16:52]} {[%emt
00:00:35]} 20. Rxe1 {[%clk 00:34:41]} {[%emt 00:00:07]} Bc5 {[%clk 00:10:33]}
{[%emt 00:06:50]} 21. Nac2 {[%clk 00:33:02]} {[%emt 00:02:08]} Bh5 {[%clk
00:08:53]} {[%emt 00:02:10]} 22. Nb4 {[%clk 00:30:00]} {[%emt 00:03:32]} Bg6
{[%clk 00:08:40]} {[%emt 00:00:43]} 23. f3 {[%clk 00:28:32]} {[%emt 00:01:59]}
f6 {[%clk 00:05:58]} {[%emt 00:03:12]} 24. Kh1 {[%clk 00:18:42]} {[%emt
00:10:19]} Bf7 {[%clk 00:04:27]} {[%emt 00:02:01]} 25. h3 {[%clk 00:12:21]}
{[%emt 00:06:51]} Bxd4 {[%clk 00:02:51]} {[%emt 00:02:07]} 26. cxd4 {[%clk
00:12:01]} {[%emt 00:00:50]} a5 {[%clk 00:02:49]} {[%emt 00:00:32]} 27. Nd3
{[%clk 00:11:47]} {[%emt 00:00:44]} Kd7 {[%clk 00:01:19]} {[%emt 00:02:01]} 28.
Rb1 {[%clk 00:11:56]} {[%emt 00:00:21]} Rb8 {[%clk 00:01:08]} {[%emt 00:00:41]}
29. Rb6 {[%clk 00:12:19]} {[%emt 00:00:07]} Rec8 {[%clk 00:00:33]} {[%emt
00:01:05]} 30. Rxd6+ {[%clk 00:12:10]} {[%emt 00:00:39]} Ke8 {[%clk 00:00:38]}
{[%emt 00:00:25]} 31. Rb6 {[%clk 00:11:50]} {[%emt 00:00:50]} Ra8 {[%clk
00:00:53]} {[%emt 00:00:14]} 32. Rxb7 {[%clk 00:11:16]} {[%emt 00:01:04]} Bxa2
{[%clk 00:00:58]} {[%emt 00:00:25]} 33. Rxg7 {[%clk 00:08:50]} {[%emt
00:02:55]} a4 {[%clk 00:00:49]} {[%emt 00:00:39]} 34. Bd6 {[%clk 00:08:15]}
{[%emt 00:01:05]} a3 {[%clk 00:00:39]} {[%emt 00:00:40]} 35. Nc5 {[%clk
00:07:45]} {[%emt 00:01:00]} Bf7 {[%clk 00:00:35]} {[%emt 00:00:34]} 36. d5
{[%clk 00:03:48]} {[%emt 00:04:28]} a2 {[%clk 00:00:32]} {[%emt 00:00:33]} 37.
Nb3 {[%clk 00:04:09]} {[%emt 00:00:09]} Rd8 {[%clk 00:00:32]} {[%emt 00:00:30]}
38. Rxh7 {[%clk 00:03:37]} {[%emt 00:01:02]} Kd7 {[%clk 00:00:31]} {[%emt
00:00:32]} 39. Bc5 {[%clk 00:03:27]} {[%emt 00:00:39]} a1=Q+ {[%clk 00:00:36]}
{[%emt 00:00:25]} 40. Nxa1 {[%emt 00:00:11]} Rxa1+ {[%clk 00:01:05]} 41. Kh2
{[%clk 00:04:09]} {[%emt 00:00:08]} Ke8 {[%clk 00:00:59]} {[%emt 00:00:37]} 42.
Rh8+ {[%clk 00:04:22]} {[%emt 00:00:16]} Kd7 {[%clk 00:01:07]} {[%emt
00:00:22]} 43. Rh7 {[%clk 00:04:45]} {[%emt 00:00:08]} 1/2-1/2

[Event "DVM U16 2021"]
[Site "Kiel GER"]
[Date "2022.07.24"]
[Round "3"]
[White "Frank, Marek"]
[Black "Miller, Konstantin"]
[Result "1-0"]
[Termination "normal"]
[Board "4.3"]
[WhiteElo "1551"]
[BlackElo "1790"]
[WhiteClock "00:16:11"]
[BlackClock "00:47:31"]
[WhiteTeam "ESV Gera"]
[BlackTeam "SK Freiburg-Zähringen 1887 e.V."]
[PlyCount "93"]
[WhiteFideId "16239520"]
[BlackFideId "34628380"]
[EventCountry "GER"]
[EventRounds "7"]
[EventType "team-swiss"]
[EventDate "2022.07.22"]

1. e4 {[%clk 01:30:57]} {[%emt 00:00:02]} c6 {[%clk 01:30:49]} {[%emt
00:00:11]} 2. d4 {[%clk 01:30:50]} {[%emt 00:00:37]} d5 {[%clk 01:31:11]}
{[%emt 00:00:08]} 3. Nc3 {[%clk 01:31:08]} {[%emt 00:00:11]} dxe4 {[%clk
01:31:30]} {[%emt 00:00:11]} 4. Nxe4 {[%clk 01:31:33]} {[%emt 00:00:05]} Bf5
{[%clk 01:30:54]} {[%emt 00:01:06]} 5. Ng3 {[%clk 01:31:58]} {[%emt 00:00:05]}
Bg6 {[%clk 01:31:17]} {[%emt 00:00:07]} 6. h4 {[%clk 01:32:22]} {[%emt
00:00:07]} h6 {[%clk 01:31:42]} {[%emt 00:00:05]} 7. Nf3 {[%clk 01:32:35]}
{[%emt 00:00:17]} Nd7 {[%clk 01:31:28]} {[%emt 00:00:44]} 8. Bd3 {[%clk
01:30:05]} {[%emt 00:03:00]} Bxd3 {[%clk 01:31:49]} {[%emt 00:00:09]} 9. Qxd3
{[%clk 01:30:30]} {[%emt 00:00:04]} e6 {[%clk 01:31:56]} {[%emt 00:00:24]} 10.
Bf4 {[%clk 01:23:28]} {[%emt 00:07:31]} Ngf6 {[%clk 01:31:34]} {[%emt
00:00:53]} 11. O-O-O {[%clk 01:02:47]} {[%emt 00:21:11]} Be7 {[%clk 01:31:39]}
{[%emt 00:00:26]} 12. Ne2 {[%clk 00:55:05]} {[%emt 00:08:11]} Ng4 {[%clk
01:28:11]} {[%emt 00:03:58]} 13. Bg3 {[%clk 00:50:28]} {[%emt 00:05:06]} Ndf6
{[%clk 01:24:25]} {[%emt 00:04:16]} 14. Ne5 {[%clk 00:45:21]} {[%emt 00:05:37]}
h5 {[%clk 01:20:41]} {[%emt 00:04:15]} 15. f3 {[%clk 00:39:58]} {[%emt
00:05:52]} Nh6 {[%clk 01:20:42]} {[%emt 00:00:30]} 16. Bf2 {[%clk 00:39:30]}
{[%emt 00:00:58]} Bd6 {[%clk 01:16:31]} {[%emt 00:04:41]} 17. Qc4 {[%clk
00:35:22]} {[%emt 00:04:35]} Qc7 {[%clk 01:14:54]} {[%emt 00:02:10]} 18. Rhe1
{[%clk 00:31:34]} {[%emt 00:04:18]} Nd5 {[%clk 01:13:58]} {[%emt 00:01:26]} 19.
Nc3 {[%clk 00:30:00]} {[%emt 00:02:04]} O-O {[%clk 01:09:47]} {[%emt 00:04:41]}
20. Ne4 {[%clk 00:25:27]} {[%emt 00:05:03]} b5 {[%clk 01:06:56]} {[%emt
00:03:21]} 21. Qb3 {[%clk 00:19:51]} {[%emt 00:06:04]} a5 {[%clk 01:02:52]}
{[%emt 00:04:34]} 22. a3 {[%clk 00:16:45]} {[%emt 00:03:37]} a4 {[%clk
01:02:39]} {[%emt 00:00:43]} 23. Qd3 {[%clk 00:15:26]} {[%emt 00:01:48]} Nf4
{[%clk 00:58:38]} {[%emt 00:04:32]} 24. Qd2 {[%clk 00:13:50]} {[%emt 00:02:05]}
Bxe5 {[%clk 00:58:18]} {[%emt 00:00:51]} 25. dxe5 {[%clk 00:14:05]} {[%emt
00:00:15]} Ng6 {[%clk 00:52:22]} {[%emt 00:06:26]} 26. Nd6 {[%clk 00:09:52]}
{[%emt 00:04:42]} Rfb8 {[%clk 00:50:51]} {[%emt 00:02:00]} 27. Qb4 {[%clk
00:09:25]} {[%emt 00:00:58]} Ne7 {[%clk 00:50:05]} {[%emt 00:01:16]} 28. g4
{[%clk 00:05:36]} {[%emt 00:04:19]} Nd5 {[%clk 00:49:56]} {[%emt 00:00:40]} 29.
Rxd5 {[%clk 00:04:57]} {[%emt 00:01:09]} exd5 {[%clk 00:48:01]} {[%emt
00:02:25]} 30. g5 {[%clk 00:05:15]} {[%emt 00:00:13]} Qd7 {[%clk 00:47:11]}
{[%emt 00:01:19]} 31. gxh6 {[%clk 00:05:23]} {[%emt 00:00:22]} g6 {[%clk
00:47:14]} {[%emt 00:00:27]} 32. f4 {[%clk 00:04:55]} {[%emt 00:00:58]} Kh7
{[%clk 00:46:22]} {[%emt 00:01:21]} 33. f5 {[%clk 00:04:53]} {[%emt 00:00:33]}
gxf5 {[%clk 00:46:05]} {[%emt 00:00:47]} 34. Qf4 {[%clk 00:03:59]} {[%emt
00:01:23]} Rg8 {[%clk 00:44:40]} {[%emt 00:01:54]} 35. Nxf5 {[%clk 00:02:45]}
{[%emt 00:01:46]} Rg4 {[%clk 00:44:22]} {[%emt 00:00:48]} 36. Qf3 {[%clk
00:02:59]} {[%emt 00:00:16]} Qe6 {[%clk 00:40:52]} {[%emt 00:03:59]} 37. Nd4
{[%clk 00:01:59]} {[%emt 00:01:30]} Qxh6+ {[%clk 00:40:23]} {[%emt 00:01:00]}
38. Be3 {[%clk 00:01:03]} {[%emt 00:01:26]} Qg6 {[%clk 00:38:33]} {[%emt
00:02:20]} 39. Bf2 {[%clk 00:00:48]} {[%emt 00:00:43]} c5 {[%clk 00:34:25]}
{[%emt 00:04:39]} 40. Qxd5 {[%clk 00:00:36]} {[%emt 00:00:42]} cxd4 {[%clk
00:19:53]} {[%emt 00:15:01]} 41. Qxa8 {[%clk 00:21:54]} {[%emt 00:09:13]} Qh6+
{[%clk 00:50:01]} {[%emt 00:00:22]} 42. Kb1 {[%clk 00:16:59]} {[%emt 00:05:25]}
Qd2 {[%clk 00:49:18]} {[%emt 00:01:14]} 43. Qf3 {[%clk 00:15:52]} {[%emt
00:01:35]} Rf4 {[%clk 00:48:13]} {[%emt 00:01:36]} 44. Qxh5+ {[%clk 00:15:42]}
{[%emt 00:00:40]} Kg7 {[%clk 00:47:26]} 45. Rg1+ {[%clk 00:15:56]} {[%emt
00:01:33]} Kf8 {[%clk 00:47:43]} {[%emt 00:00:12]} 46. Qh6+ {[%clk 00:16:11]}
{[%emt 00:00:16]} Ke7 {[%clk 00:47:31]} {[%emt 00:00:41]} 47. Qd6+ {[%emt
00:00:06]} 1-0

[Event "DVM U16 2021"]
[Site "Kiel GER"]
[Date "2022.07.24"]
[Round "3"]
[White "Miller, Lysander"]
[Black "Frank, Marian"]
[Result "0-1"]
[Termination "normal"]
[Board "4.4"]
[WhiteElo "1625"]
[BlackElo "1373"]
[WhiteClock "01:16:48"]
[BlackClock "00:02:48"]
[WhiteTeam "SK Freiburg-Zähringen 1887 e.V."]
[BlackTeam "ESV Gera"]
[PlyCount "84"]
[WhiteFideId "34628398"]
[BlackFideId "16245059"]
[EventCountry "GER"]
[EventRounds "7"]
[EventType "team-swiss"]
[EventDate "2022.07.22"]

1. e4 {[%clk 01:30:58]} {[%emt 00:00:01]} e5 {[%clk 01:30:59]} {[%emt
00:00:02]} 2. Nf3 {[%clk 01:31:21]} {[%emt 00:00:07]} Nc6 {[%clk 01:31:28]}
{[%emt 00:00:01]} 3. Bc4 {[%clk 01:31:44]} {[%emt 00:00:06]} Bc5 {[%clk
01:31:56]} {[%emt 00:00:02]} 4. O-O {[%clk 01:32:04]} {[%emt 00:00:09]} d6
{[%clk 01:32:01]} {[%emt 00:00:26]} 5. c3 {[%clk 01:32:25]} {[%emt 00:00:09]}
Bg4 {[%clk 01:29:53]} {[%emt 00:02:37]} 6. d4 {[%clk 01:32:24]} {[%emt
00:00:32]} exd4 {[%clk 01:19:35]} {[%emt 00:10:49]} 7. Bxf7+ {[%clk 01:31:51]}
{[%emt 00:01:03]} Kf8 {[%clk 01:18:36]} {[%emt 00:01:30]} 8. Bd5 {[%clk
01:31:16]} {[%emt 00:01:04]} dxc3 {[%clk 01:07:56]} {[%emt 00:11:10]} 9. Nxc3
{[%clk 01:30:21]} {[%emt 00:01:25]} Ne5 {[%clk 00:55:53]} {[%emt 00:12:33]} 10.
Be3 {[%clk 01:20:50]} {[%emt 00:10:15]} Nxf3+ {[%clk 00:54:08]} {[%emt
00:02:02]} 11. gxf3 {[%clk 01:21:10]} {[%emt 00:00:10]} Bh3 {[%clk 00:53:42]}
{[%emt 00:00:56]} 12. Bxg8 {[%clk 01:18:44]} {[%emt 00:02:56]} Bxe3 {[%clk
00:47:15]} {[%emt 00:06:56]} 13. Qd5 {[%clk 01:18:46]} {[%emt 00:00:27]} Qg5+
{[%clk 00:45:50]} {[%emt 00:01:56]} 14. Qxg5 {[%clk 01:19:06]} {[%emt
00:00:10]} Bxg5 {[%clk 00:46:16]} {[%emt 00:00:04]} 15. Bd5 {[%clk 01:18:40]}
{[%emt 00:00:55]} Bxf1 {[%clk 00:46:05]} {[%emt 00:00:41]} 16. Kxf1 {[%clk
01:18:43]} {[%emt 00:00:27]} c6 {[%clk 00:46:04]} {[%emt 00:00:31]} 17. Bb3
{[%clk 01:18:58]} {[%emt 00:00:15]} Ke7 {[%clk 00:45:27]} {[%emt 00:01:08]} 18.
Ke2 {[%clk 01:18:16]} {[%emt 00:01:12]} Bf4 {[%clk 00:45:04]} {[%emt 00:00:52]}
19. Rg1 {[%clk 01:18:23]} {[%emt 00:00:22]} g5 {[%clk 00:44:56]} {[%emt
00:00:39]} 20. Nd1 {[%clk 01:18:19]} {[%emt 00:00:33]} h6 {[%clk 00:44:33]}
{[%emt 00:00:53]} 21. h3 {[%clk 01:18:25]} {[%emt 00:00:25]} Rhf8 {[%clk
00:39:44]} {[%emt 00:05:19]} 22. Ne3 {[%clk 01:18:40]} {[%emt 00:00:15]} Rf6
{[%clk 00:38:22]} {[%emt 00:01:52]} 23. h4 {[%clk 01:18:36]} {[%emt 00:00:35]}
Bxe3 {[%clk 00:37:34]} {[%emt 00:01:18]} 24. fxe3 {[%clk 01:18:32]} {[%emt
00:00:34]} Rg6 {[%clk 00:35:50]} {[%emt 00:02:14]} 25. f4 {[%clk 01:18:19]}
{[%emt 00:00:42]} g4 {[%clk 00:35:27]} {[%emt 00:00:54]} 26. h5 {[%clk
01:18:09]} {[%emt 00:00:40]} Rg7 {[%clk 00:35:30]} {[%emt 00:00:26]} 27. Kf2
{[%clk 01:17:56]} {[%emt 00:00:44]} a5 {[%clk 00:32:47]} {[%emt 00:03:12]} 28.
Rc1 {[%clk 01:17:44]} {[%emt 00:00:41]} a4 {[%clk 00:32:12]} {[%emt 00:01:07]}
29. Bc4 {[%clk 01:17:41]} {[%emt 00:00:32]} b5 {[%clk 00:31:57]} {[%emt
00:00:45]} 30. Be2 {[%clk 01:18:04]} {[%emt 00:00:07]} Kd7 {[%clk 00:30:06]}
{[%emt 00:02:23]} 31. Kg3 {[%clk 01:17:57]} {[%emt 00:00:37]} Rag8 {[%clk
00:22:34]} {[%emt 00:08:02]} 32. a3 {[%clk 01:18:09]} {[%emt 00:00:19]} Re8
{[%clk 00:19:30]} {[%emt 00:03:33]} 33. Bxg4+ {[%clk 01:18:06]} {[%emt
00:00:33]} Kc7 {[%clk 00:19:25]} {[%emt 00:00:35]} 34. Kf3 {[%clk 01:18:15]}
{[%emt 00:00:21]} Reg8 {[%clk 00:18:42]} {[%emt 00:01:13]} 35. Rg1 {[%clk
01:17:32]} {[%emt 00:01:12]} c5 {[%clk 00:10:29]} {[%emt 00:08:44]} 36. f5
{[%clk 01:17:42]} {[%emt 00:00:20]} Kd8 {[%clk 00:05:35]} {[%emt 00:05:24]} 37.
Kf4 {[%clk 01:17:59]} {[%emt 00:00:14]} Ke7 {[%clk 00:03:41]} {[%emt 00:02:24]}
38. Rg2 {[%clk 01:16:08]} {[%emt 00:02:20]} b4 {[%clk 00:03:02]} {[%emt
00:01:09]} 39. Kf3 {[%clk 01:15:53]} {[%emt 00:00:45]} Rxg4 {[%clk 00:02:41]}
{[%emt 00:00:52]} 40. Rxg4 {[%clk 01:16:07]} {[%emt 00:00:16]} Rxg4 {[%clk
00:03:06]} {[%emt 00:00:05]} 41. Kxg4 {[%clk 01:16:31]} {[%emt 00:00:06]} c4
{[%clk 00:02:29]} {[%emt 00:01:07]} 42. Kf3 {[%clk 01:16:48]} {[%emt 00:00:13]}
c3 {[%clk 00:02:48]} {[%emt 00:00:12]} 0-1

[Event "DVM U16 2021"]
[Site "Kiel GER"]
[Date "2022.07.24"]
[Round "3"]
[White "Hecht, Jonas Christian"]
[Black "Herter, Arne"]
[Result "0-1"]
[Termination "normal"]
[Board "5.1"]
[WhiteElo "1889"]
[BlackElo "1951"]
[WhiteClock "00:24:30"]
[BlackClock "00:00:40"]
[WhiteTeam "SC Brombach e.V."]
[BlackTeam "Schachzwerge Magdeburg"]
[PlyCount "82"]
[WhiteFideId "16214846"]
[BlackFideId "16255372"]
[EventCountry "GER"]
[EventRounds "7"]
[EventType "team-swiss"]
[EventDate "2022.07.22"]

1. e4 {[%clk 01:30:58]} {[%emt 00:00:01]} e5 {[%clk 01:30:55]} {[%emt
00:00:06]} 2. Nf3 {[%clk 01:31:25]} {[%emt 00:00:03]} Nc6 {[%clk 01:31:20]}
{[%emt 00:00:05]} 3. d4 {[%clk 01:31:50]} {[%emt 00:00:05]} exd4 {[%clk
01:31:44]} {[%emt 00:00:06]} 4. Nxd4 {[%clk 01:32:17]} {[%emt 00:00:04]} Bc5
{[%clk 01:31:54]} {[%emt 00:00:19]} 5. Nxc6 {[%clk 01:31:52]} {[%emt 00:00:55]}
Qf6 {[%clk 01:32:07]} {[%emt 00:00:16]} 6. Qf3 {[%clk 01:31:57]} {[%emt
00:00:25]} bxc6 {[%clk 01:31:30]} {[%emt 00:01:08]} 7. Nc3 {[%clk 01:29:41]}
{[%emt 00:02:46]} d6 {[%clk 01:27:40]} {[%emt 00:04:20]} 8. Bc4 {[%clk
01:26:38]} {[%emt 00:03:32]} Qxf3 {[%clk 01:21:04]} {[%emt 00:07:06]} 9. gxf3
{[%clk 01:26:57]} {[%emt 00:00:12]} Ne7 {[%clk 01:20:33]} {[%emt 00:01:01]} 10.
Be3 {[%clk 01:23:38]} {[%emt 00:03:49]} Bb6 {[%clk 01:08:17]} {[%emt 00:12:45]}
11. O-O-O {[%clk 01:20:52]} {[%emt 00:03:17]} O-O {[%clk 01:04:52]} {[%emt
00:03:55]} 12. h4 {[%clk 01:15:47]} {[%emt 00:05:34]} Be6 {[%clk 00:48:25]}
{[%emt 00:16:57]} 13. Bb3 {[%clk 01:12:02]} {[%emt 00:04:16]} Bxb3 {[%clk
00:43:16]} {[%emt 00:05:38]} 14. axb3 {[%clk 01:12:16]} {[%emt 00:00:17]} f5
{[%clk 00:42:49]} {[%emt 00:00:57]} 15. e5 {[%clk 00:59:55]} {[%emt 00:12:50]}
dxe5 {[%clk 00:36:25]} {[%emt 00:06:54]} 16. Rhe1 {[%clk 00:59:22]} {[%emt
00:01:03]} Rf7 {[%clk 00:20:06]} {[%emt 00:16:49]} 17. h5 {[%clk 00:58:00]}
{[%emt 00:01:53]} c5 {[%clk 00:13:12]} {[%emt 00:07:23]} 18. Na4 {[%clk
00:54:56]} {[%emt 00:03:34]} Nc6 {[%clk 00:12:08]} {[%emt 00:01:34]} 19. Bxc5
{[%clk 00:54:02]} {[%emt 00:01:25]} Bxc5 {[%clk 00:12:11]} {[%emt 00:00:27]}
20. Nxc5 {[%clk 00:54:25]} {[%emt 00:00:06]} Re7 {[%clk 00:10:16]} {[%emt
00:02:24]} 21. Rd5 {[%clk 00:54:19]} {[%emt 00:00:37]} Rae8 {[%clk 00:10:00]}
{[%emt 00:00:46]} 22. c3 {[%clk 00:52:15]} {[%emt 00:02:34]} Kf7 {[%clk
00:08:25]} {[%emt 00:02:05]} 23. f4 {[%clk 00:49:56]} {[%emt 00:02:50]} g6
{[%clk 00:07:18]} {[%emt 00:01:36]} 24. hxg6+ {[%clk 00:46:03]} {[%emt
00:04:24]} hxg6 {[%clk 00:06:57]} {[%emt 00:00:50]} 25. fxe5 {[%clk 00:44:27]}
{[%emt 00:02:06]} Rxe5 {[%clk 00:05:52]} {[%emt 00:01:34]} 26. Rexe5 {[%clk
00:43:11]} {[%emt 00:01:46]} Rxe5 {[%clk 00:04:54]} {[%emt 00:01:28]} 27. Rxe5
{[%clk 00:41:07]} {[%emt 00:02:35]} Nxe5 {[%clk 00:05:23]} {[%emt 00:00:02]}
28. Kd2 {[%clk 00:41:10]} {[%emt 00:00:26]} g5 {[%clk 00:02:44]} {[%emt
00:03:09]} 29. Ke2 {[%clk 00:39:46]} {[%emt 00:01:54]} Kf6 {[%clk 00:02:22]}
{[%emt 00:00:52]} 30. b4 {[%clk 00:38:11]} {[%emt 00:02:06]} f4 {[%clk
00:01:18]} {[%emt 00:01:33]} 31. b5 {[%clk 00:37:38]} {[%emt 00:01:04]} Kf5
{[%clk 00:01:18]} {[%emt 00:00:30]} 32. Na6 {[%clk 00:36:49]} {[%emt 00:01:19]}
c6 {[%clk 00:01:06]} {[%emt 00:00:40]} 33. bxc6 {[%clk 00:37:16]} {[%emt
00:00:04]} Nxc6 {[%clk 00:01:34]} {[%emt 00:00:02]} 34. b4 {[%clk 00:36:34]}
{[%emt 00:01:12]} Ne5 {[%clk 00:01:09]} {[%emt 00:00:54]} 35. b5 {[%clk
00:35:25]} {[%emt 00:01:40]} Ke4 {[%clk 00:00:48]} {[%emt 00:00:51]} 36. f3+
{[%clk 00:34:33]} {[%emt 00:01:22]} Nxf3 {[%clk 00:00:39]} {[%emt 00:00:39]}
37. Nb4 {[%clk 00:33:18]} {[%emt 00:01:45]} Ne5 {[%clk 00:00:40]} {[%emt
00:00:29]} 38. Nc6 {[%clk 00:33:34]} {[%emt 00:00:14]} f3+ {[%clk 00:00:49]}
{[%emt 00:00:21]} 39. Kf1 {[%clk 00:33:35]} {[%emt 00:00:29]} Ng4 {[%clk
00:00:40]} {[%emt 00:00:38]} 40. Nd4 {[%clk 00:32:15]} {[%emt 00:01:51]} Ne3+
{[%clk 00:00:35]} {[%emt 00:00:35]} 41. Kg1 {[%clk 00:24:30]} {[%emt 00:08:15]}
g4 {[%clk 00:00:40]} {[%emt 00:00:24]} 0-1